00291nam a22000977a 4500082001900000100001700019245007900036300003300115526003700148650000800185 a621.38224bCON aConner, F.R. aNOISE Introductory Topics in Electronics & TelecommunicationcConner, F.R. a1, 104, p :bill. ;c18 cm.  a0b0c0d621_382240000000000_CON aMCE